Návrh organizéra pre rezné nástroje

Saved in:
Bibliographic Details
Main Author: Svoreň, Lukáš (Author)
Other Authors: Jurina, František (Thesis advisor)
Format: Manuscript Book
Language:Slovak
Published: 2024
Subjects:
Online Access:http://is.stuba.sk/zp/portal_zp.pl?podrobnosti=169346
Tags: Add Tag
No Tags, Be the first to tag this record!

MARC

LEADER 00000ntm a22000003a 4500
001 stuzp99126
003 SK-STU
005 20240629212631.6
007 ta
008 150427s2015----xo-----f-mn---000-0-slo-d
040 |a STU  |b slo 
041 0 |a slo 
100 1 |a Svoreň, Lukáš  |u 063000  |4 aut  |U MTF Materiálovotechnologická fakulta  |T MTF Ústav výrobných technológií  |X 116558  |U M3000  |Y 83  |7 116558 
242 0 1 |a Design of an organizer for cutting tools  |y eng 
245 1 0 |a Návrh organizéra pre rezné nástroje 
260 |c 2024 
650 4 |a rezné nástroje  |2 slo 
650 4 |a penový organizér  |2 slo 
650 4 |a organizovanie  |2 slo 
650 4 |a cutting tools  |2 eng 
650 4 |a foam organizer  |2 eng 
650 4 |a organizing  |2 eng 
700 1 |a Jurina, František  |u 063200  |k Z2  |4 ths  |U MTF Ústav výrobných technológií  |T MTF Katedra obrábania a počítačovej podpory technológií  |X 46002  |U M3200  |Y 164  |7 A000046002 
856 4 |u http://is.stuba.sk/zp/portal_zp.pl?podrobnosti=169346 
996 |c M* BP-9847  |l MMSKP  |s P  |a 0  |w stuzp99126_0001